[Event "Bangkok op 22nd"]
[Site "Bangkok"]
[Date "2025.04.20"]
[Round "8"]
[White "Soozankar, Amir Mohammad"]
[Black "Danilenko, Dmitriy"]
[Result "1/2-1/2"]
[WhiteElo "2165"]
[BlackElo "2433"]
[PlyCount "43"]
[EventDate "2025.04.13"]
[EventType "swiss"]
[EventRounds "9"]
[EventCountry "THA"]
[SourceTitle "CB17_2025"]
[SourceDate "2025.04.23"]
[SourceVersion "1"]
[SourceVersionDate "2025.04.23"]
[SourceQuality "1"]

1. e4 c5 2. Nf3 d6 3. d4 cxd4 4. Nxd4 Nf6 5. Nc3 Nc6 6. Bg5 e6 7. Qd2 a6 8. 0-0-0 Be7 9. f4 Bd7 10. Nf3 b5 11. Bxf6 gxf6 12. Kb1 Qb6 13. f5 0-0-0 14. fxe6 fxe6 15. g3 Rhe8 16. Bh3 Kb8 17. Rhf1 Qc5 18. Qf2 Kc7 19. Ne2 Bf8 20. Nf4 Bh6 21. Qxc5 dxc5 22. Nh5 1/2-1/2

[Event "Bangkok op 22nd"]
[Site "Bangkok"]
[Date "2025.04.18"]
[Round "6"]
[White "Soozankar, Amir Mohammad"]
[Black "Yulo, Adrian Othniel"]
[Result "1-0"]
[WhiteElo "2165"]
[BlackElo "1936"]
[PlyCount "83"]
[EventDate "2025.04.13"]
[EventType "swiss"]
[EventRounds "9"]
[EventCountry "THA"]
[SourceTitle "CB17_2025"]
[SourceDate "2025.04.23"]
[SourceVersion "1"]
[SourceVersionDate "2025.04.23"]
[SourceQuality "1"]

1. e4 c5 2. Nf3 d6 3. Bb5+ Bd7 4. Bxd7+ Qxd7 5. 0-0 Nc6 6. Re1 g6 7. c3 Bg7 8. d4 cxd4 9. cxd4 Nf6 10. Nc3 0-0 11. Bg5 h6 12. Bh4 Rac8 13. e5 dxe5 14. dxe5 Qxd1 15. Raxd1 Ng4 16. Nd5 e6 17. Ne7+ Nxe7 18. Bxe7 Rfe8 19. Bb4 h5 20. h3 Nh6 21. Rd7 Bf8 22. Bxf8 Kxf8 23. Rxb7 Re7 24. Rxe7 Kxe7 25. Re2 Nf5 26. Kh2 Ke8 27. Ng5 Nd4 28. Rd2 Rd8 29. Ne4 Ke7 30. f4 Rd5 31. Kg3 Rd8 32. Kf2 Rd5 33. Nf6 Rd8 34. Rd3 h4 35. Ra3 Nc6 36. Rc3 Nd4 37. Rc7+ Kf8 38. Rxa7 Nf5 39. Rd7 Rc8 40. Rd2 Rc4 41. Kf3 Nd4+ 42. Kg4 1-0

[Event "Johor op-A 7th"]
[Site "Johor"]
[Date "2022.12.27"]
[Round "3"]
[White "Guan, Zhen Chuan"]
[Black "Soozankar, Amir Mohammad"]
[Result "0-1"]
[WhiteElo "1574"]
[BlackElo "2201"]
[PlyCount "170"]
[EventDate "2022.12.26"]
[EventType "swiss"]
[EventRounds "9"]
[EventCountry "MAS"]
[SourceTitle "CBM 212 Extra"]
[Source "ChessBase"]
[SourceDate "2023.03.31"]
[SourceVersion "1"]
[SourceVersionDate "2023.03.31"]
[SourceQuality "1"]

1. e4 c5 2. Nf3 d6 3. d4 cxd4 4. Nxd4 Nf6 5. f3 g6 6. c4 Bg7 7. Nc3 0-0 8. Be3 Nc6 9. Qd2 Bd7 10. Be2 Nxd4 11. Bxd4 Bc6 12. 0-0 Nd7 13. Bxg7 Kxg7 14. Kh1 a5 15. Rfd1 Qb6 16. Qd4+ Qxd4 17. Rxd4 Rfc8 18. Kg1 Nc5 19. b3 Ra6 20. Rb1 Rb6 21. Bd1 Kf8 22. h4 Bd7 23. Bc2 a4 24. Nd5 Ra6 25. Rb2 axb3 26. axb3 Be6 27. b4 Ra1+ 28. Kh2 Nd7 29. Bb3 Ne5 30. Rc2 Ra3 31. Rc3 b5 32. c5 Nc6 33. Rdd3 Ne5 34. Re3 dxc5 35. bxc5 Nc6 36. Nb6 Rd8 37. Bd5 Rxc3 38. Rxc3 Na7 39. Bxe6 fxe6 40. c6 Rd6 41. Nd7+ Ke8 42. Ne5 Kd8 43. Nf7+ Kc7 44. Nxd6 exd6 45. Kg3 b4 46. Rc1 Nxc6 47. Kf4 Kb6 48. Ke3 Kb5 49. Kd2 d5 50. exd5 exd5 51. f4 Nd4 52. Kd3 Ne6 53. g3 Nc5+ 54. Kc2 d4 55. h5 d3+ 56. Kb2 gxh5 57. Rh1 Kc4 58. f5 Ne4 59. Rh4 Kd4 60. Rxe4+ Kxe4 61. f6 d2 62. Kc2 Ke3 63. f7 b3+ 64. Kb2 d1Q 65. f8Q Qc2+ 66. Ka3 b2 67. Qf4+ Ke2 68. Qe5+ Kf1 69. Qb5+ Kg1 70. Qc5+ Qxc5+ 71. Kxb2 Kg2 72. g4 h4 73. g5 h3 74. g6 hxg6 75. Kb3 h2 76. Kb2 g5 77. Kb3 g4 78. Kb2 g3 79. Kb3 h1R 80. Kb2 Rh8 81. Kb3 Rg8 82. Kb2 Rf8 83. Kb3 Re8 84. Kb2 Rb8+ 85. Ka2 Qa7# 0-1

[Event "Penang op-A 14th"]
[Site "Penang"]
[Date "2022.12.24"]
[Round "9"]
[White "Soozankar, Amir Mohammad"]
[Black "Tan, Jun Hao"]
[Result "1-0"]
[WhiteElo "2201"]
[BlackElo "1851"]
[PlyCount "63"]
[EventDate "2022.12.19"]
[EventType "swiss"]
[EventRounds "9"]
[EventCountry "MAS"]
[SourceTitle "CBM 211 Extra"]
[Source "ChessBase"]
[SourceDate "2023.01.31"]
[SourceVersion "1"]
[SourceVersionDate "2023.01.31"]
[SourceQuality "1"]

1. e4 c5 2. Nf3 d6 3. Bb5+ Nd7 4. d4 cxd4 5. Qxd4 a6 6. Bxd7+ Bxd7 7. c4 Nf6 8. Nc3 g6 9. 0-0 Bg7 10. Qd3 0-0 11. Rd1 Bc6 12. Nd4 Rc8 13. Rb1 Nd7 14. b3 Nc5 15. Qe2 Ne6 16. Be3 Nxd4 17. Bxd4 Bxd4 18. Rxd4 Qa5 19. Nd5 Bxd5 20. exd5 Rfe8 21. Re4 Rc7 22. h4 Qc3 23. h5 Qf6 24. Re1 Qg5 25. hxg6 hxg6 26. Qf3 b5 27. Rf4 Rf8 28. Ree4 bxc4 29. bxc4 Rb7 30. Rh4 Qc1+ 31. Kh2 Qa1 32. Rd4 1-0

[Event "Penang op-A 14th"]
[Site "Penang"]
[Date "2022.12.23"]
[Round "8"]
[White "Nguyen, Vuong Tung Lam"]
[Black "Soozankar, Amir Mohammad"]
[Result "1/2-1/2"]
[WhiteElo "1825"]
[BlackElo "2201"]
[PlyCount "39"]
[EventDate "2022.12.19"]
[EventType "swiss"]
[EventRounds "9"]
[EventCountry "MAS"]
[SourceTitle "CBM 211 Extra"]
[Source "ChessBase"]
[SourceDate "2023.01.31"]
[SourceVersion "1"]
[SourceVersionDate "2023.01.31"]
[SourceQuality "1"]

1. d4 d5 2. Nf3 Nf6 3. g3 Bf5 4. Bg2 h6 5. c4 c6 6. Nc3 e6 7. 0-0 Nbd7 8. Nd2 Be7 9. e4 dxe4 10. Ndxe4 Nxe4 11. Nxe4 Nf6 12. Nc3 0-0 13. d5 cxd5 14. cxd5 exd5 15. Nxd5 Nxd5 16. Qxd5 Qxd5 17. Bxd5 Bf6 18. a4 Rfd8 19. Bxb7 Rab8 20. Bc6 1/2-1/2

[Event "Penang op-A 14th"]
[Site "Penang"]
[Date "2022.12.20"]
[Round "2"]
[White "Lim, Chin Lee"]
[Black "Soozankar, Amir Mohammad"]
[Result "0-1"]
[WhiteElo "1883"]
[BlackElo "2201"]
[PlyCount "94"]
[EventDate "2022.12.19"]
[EventType "swiss"]
[EventRounds "9"]
[EventCountry "MAS"]
[SourceTitle "CBM 211 Extra"]
[Source "ChessBase"]
[SourceDate "2023.01.31"]
[SourceVersion "1"]
[SourceVersionDate "2023.01.31"]
[SourceQuality "1"]

1. d4 Nf6 2. Nf3 e6 3. Bf4 c5 4. e3 Qb6 5. Qc1 Nc6 6. c3 d5 7. Bd3 Bd7 8. Nbd2 Rc8 9. Qb1 Be7 10. h3 h6 11. 0-0 g5 12. Be5 Rg8 13. g4 h5 14. Bh7 Rg7 15. Bd3 hxg4 16. hxg4 Nxe5 17. Nxe5 Bd6 18. Ndf3 Bb5 19. dxc5 Rxc5 20. Kg2 Qc7 21. Bxb5+ Rxb5 22. Nd4 Rb6 23. Nd3 Nxg4 24. Rh1 Ne5 25. Rh8+ Ke7 26. Ne1 Ng6 27. Rh6 Nh4+ 28. Kf1 Be5 29. Ne2 Nf5 30. Rh8 g4 31. Ng2 g3 32. f4 Bf6 33. Qc2 Qc5 34. Qd2 Nd6 35. b4 Qc4 36. Rc1 Rc6 37. Rb8 Rc7 38. Qc2 Qe4 39. Qxe4 Nxe4 40. Rh8 Rg6 41. Rh3 Rg8 42. f5 e5 43. Rd1 Nxc3 44. Nxc3 Rxc3 45. Rxd5 Rc1+ 46. Ke2 Rg1 47. Kf3 e4+ 0-1

[Event "Penang op-A 14th"]
[Site "Penang"]
[Date "2022.12.20"]
[Round "3"]
[White "Soozankar, Amir Mohammad"]
[Black "Novita, Anjas"]
[Result "0-1"]
[WhiteElo "2201"]
[BlackElo "2387"]
[PlyCount "89"]
[EventDate "2022.12.19"]
[EventType "swiss"]
[EventRounds "9"]
[EventCountry "MAS"]
[SourceTitle "CBM 211 Extra"]
[Source "ChessBase"]
[SourceDate "2023.01.31"]
[SourceVersion "1"]
[SourceVersionDate "2023.01.31"]
[SourceQuality "1"]

1. e4 c5 2. Nf3 d6 3. Bb5+ Nd7 4. d4 cxd4 5. Qxd4 a6 6. Bxd7+ Bxd7 7. c4 Nf6 8. Nc3 g6 9. b3 Bg7 10. Bb2 0-0 11. Qd3 b5 12. Nd2 Ng4 13. Nd1 Ne5 14. Qc3 Bg4 15. Qc2 Bxd1 16. Rxd1 bxc4 17. Nxc4 Nxc4 18. Bxg7 Kxg7 19. Qxc4 Qa5+ 20. Rd2 Rfc8 21. Qd4+ e5 22. Qb2 Qb5 23. f3 Rc6 24. Kf2 Qb6+ 25. Ke2 Rac8 26. Rhd1 Rc3 27. Kf1 R8c6 28. Rf2 h5 29. g3 h4 30. Kg2 Qd8 31. Qd2 Qh8 32. f4 h3+ 33. Kg1 Qc8 34. Rdf1 Rc2 35. Qd5 Rxf2 36. Kxf2 Rc2+ 37. Kf3 exf4 38. Qd4+ f6 39. Qxd6 g5 40. e5 Rc3+ 41. Kf2 Rc2+ 42. Ke1 Rc1+ 43. Ke2 Qc2+ 44. Kf3 Rxf1+ 45. Kg4 0-1

[Event "Mersin op 5th"]
[Site "Mersin"]
[Date "2021.11.21"]
[Round "9"]
[White "Soozankar, Amir Mohammad"]
[Black "Karpatchev, Aleksandr"]
[Result "1/2-1/2"]
[WhiteElo "2226"]
[BlackElo "2420"]
[PlyCount "89"]
[EventDate "2021.11.16"]
[EventType "swiss"]
[EventRounds "9"]
[EventCountry "TUR"]
[SourceTitle "CBM 205 Extra"]
[Source "ChessBase"]
[SourceDate "2022.01.31"]
[SourceVersion "1"]
[SourceVersionDate "2022.01.31"]
[SourceQuality "1"]

1. d4 d5 2. Nc3 Nf6 3. Nf3 e6 4. Bf4 c5 5. dxc5 Bxc5 6. e3 a6 7. Bd3 Nc6 8. 0-0 h6 9. e4 d4 10. Ne2 Nh5 11. Bd2 e5 12. Ng3 Nxg3 13. fxg3 Be6 14. Nh4 g6 15. Qc1 Be7 16. Nf3 g5 17. a3 f6 18. b4 h5 19. Be1 Qc7 20. c3 Qd7 21. Bf2 Rc8 22. Rd1 Nd8 23. Be2 Bb3 24. Rd2 Ne6 25. Rb1 Bc4 26. cxd4 Bxe2 27. Qb2 Bxf3 28. dxe5 Qxd2 29. Qxd2 Bxe4 30. exf6 Bxb1 31. fxe7 Kxe7 32. Bc5+ Nxc5 33. Qxg5+ Ke6 34. bxc5 Be4 35. Qf4 Kd5 36. Qd6+ Kc4 37. c6 bxc6 38. Qb4+ Kd5 39. Qd2+ Ke6 40. Qe3 Ke5 41. Qg5+ Bf5 42. Qf4+ Kf6 43. Qd4+ Kf7 44. Qf4 Ke6 45. Qc4+ 1/2-1/2

[Event "Mersin op 5th"]
[Site "Mersin"]
[Date "2021.11.20"]
[Round "7"]
[White "Soozankar, Amir Mohammad"]
[Black "Bicer, Atakan Mert"]
[Result "1/2-1/2"]
[WhiteElo "2226"]
[BlackElo "2369"]
[PlyCount "102"]
[EventDate "2021.11.16"]
[EventType "swiss"]
[EventRounds "9"]
[EventCountry "TUR"]
[SourceTitle "CBM 205 Extra"]
[Source "ChessBase"]
[SourceDate "2022.01.31"]
[SourceVersion "1"]
[SourceVersionDate "2022.01.31"]
[SourceQuality "1"]

1. e4 c6 2. d4 d5 3. Nd2 dxe4 4. Nxe4 Bf5 5. Ng3 Bg6 6. N1e2 Nd7 7. Nf4 e5 8. dxe5 Nxe5 9. Qe2 Qe7 10. Nxg6 hxg6 11. Be3 0-0-0 12. Bxa7 Nf6 13. Rd1 Re8 14. Kd2 Qe6 15. a3 Rh4 16. Qe3 Ra4 17. Bb6 Nd5 18. Qb3 Nxb6 19. Qxb6 Rd8+ 20. Kc1 Rxd1+ 21. Kxd1 Qd5+ 22. Kc1 Rd4 23. Be2 Bc5 24. Qb3 Qxg2 25. Qc3 Qd5 26. Kb1 f5 27. Re1 Be7 28. Bc4 Qd6 29. Bb3 Bf6 30. Qa5 Kb8 31. Ka2 Rf4 32. Re2 Qd4 33. c3 Qd6 34. Qb6 Rh4 35. Nf1 Qc7 36. Qc5 b6 37. Qf8+ Kb7 38. Be6 Ra4 39. Rd2 f4 40. Bb3 Ra8 41. Qb4 g5 42. Be6 Re8 43. Bf5 Be7 44. Qb3 Bc5 45. h3 Re7 46. Nh2 b5 47. Qg8 g6 48. Bg4 Nc4 49. Rd8 Nb6 50. Nf3 Rg7 51. Qe8 Re7 1/2-1/2

[Event "Mersin op 5th"]
[Site "Mersin"]
[Date "2021.11.18"]
[Round "4"]
[White "Soozankar, Amir Mohammad"]
[Black "Iskandarov, Misratdin"]
[Result "1/2-1/2"]
[WhiteElo "2226"]
[BlackElo "2554"]
[PlyCount "62"]
[EventDate "2021.11.16"]
[EventType "swiss"]
[EventRounds "9"]
[EventCountry "TUR"]
[SourceTitle "CBM 205 Extra"]
[Source "ChessBase"]
[SourceDate "2022.01.31"]
[SourceVersion "1"]
[SourceVersionDate "2022.01.31"]
[SourceQuality "1"]

1. e4 c5 2. Nf3 Nc6 3. d4 cxd4 4. Nxd4 Nf6 5. Nc3 d6 6. Bg5 e6 7. Qd2 a6 8. 0-0-0 Bd7 9. f4 Be7 10. Kb1 b5 11. Bxf6 gxf6 12. Nxc6 Bxc6 13. Qe3 Qc7 14. f5 b4 15. Ne2 e5 16. Ng3 Bb7 17. Be2 Rg8 18. Rd2 Rg5 19. Bf3 a5 20. Rc1 a4 21. c3 b3 22. a3 Ra5 23. Rcd1 Qc5 24. Nf1 h5 25. Qxc5 Rxc5 26. Ne3 h4 27. Nd5 Bd8 28. Ne3 Be7 29. Nd5 Bd8 30. Ne3 Bc7 31. Nd5 Bd8 1/2-1/2

[Event "Ghaem Cup 1st"]
[Site "Qaem Shahr"]
[Date "2019.04.24"]
[Round "7"]
[White "Soozankar, Amir Mohammad"]
[Black "Gholami, Aryan"]
[Result "0-1"]
[WhiteElo "2264"]
[BlackElo "2520"]
[PlyCount "54"]
[EventDate "2019.04.20"]
[EventType "swiss"]
[EventRounds "9"]
[EventCountry "IRI"]
[SourceTitle "CBM 190 Extra"]
[Source "ChessBase"]
[SourceDate "2019.07.15"]
[SourceVersion "1"]
[SourceVersionDate "2019.07.15"]
[SourceQuality "1"]

1. e4 c5 2. Nf3 a6 3. c3 d5 4. exd5 Qxd5 5. d4 cxd4 6. cxd4 Nf6 7. Nc3 Qd6 8. Be2 Nc6 9. 0-0 e6 10. Bg5 Be7 11. a3 0-0 12. Qd2 b5 13. Rfd1 Rd8 14. Bf4 Qd7 15. Ne5 Nxe5 16. dxe5 Qxd2 17. Rxd2 Ne8 18. Rad1 Rxd2 19. Rxd2 Kf8 20. Bf3 Ra7 21. Be3 Rc7 22. Bb6 Rc4 23. Rd4 Rxd4 24. Bxd4 f6 25. Be4 fxe5 26. Bxe5 Bf6 27. Bd6+ Nxd6 0-1

[Event "Khomeyn Aftab Cup op 2nd"]
[Site "Khomeyn"]
[Date "2018.08.26"]
[Round "3"]
[White "Soozankar, Amir Mohammad"]
[Black "Binaei Tavallaei, Mahdi"]
[Result "1-0"]
[WhiteElo "2328"]
[BlackElo "2024"]
[PlyCount "77"]
[EventDate "2018.08.25"]
[EventType "swiss"]
[EventRounds "9"]
[EventCountry "IRI"]
[SourceTitle "CBM 186 Extra"]
[Source "ChessBase"]
[SourceDate "2018.08.24"]
[SourceVersion "1"]
[SourceVersionDate "2018.08.24"]
[SourceQuality "1"]

1. d4 d5 2. Nc3 Bf5 3. Nf3 Nf6 4. Bf4 e6 5. e3 Ne4 6. Nxe4 Bxe4 7. a3 Nd7 8. c4 dxc4 9. Bxc4 Bd6 10. Bg3 0-0 11. 0-0 Bxg3 12. hxg3 c5 13. Rc1 cxd4 14. Qxd4 Bxf3 15. gxf3 Nb6 16. Qe4 Nxc4 17. Rxc4 b5 18. Rc5 Qd7 19. Rfc1 Rac8 20. Kg2 Rxc5 21. Rxc5 Rc8 22. Qd3 Qd8 23. Rxc8 Qxc8 24. Qxb5 g6 25. a4 h5 26. a5 a6 27. Qb6 g5 28. b4 g4 29. b5 Qc4 30. bxa6 gxf3+ 31. Kxf3 h4 32. a7 Qd5+ 33. e4 Qd1+ 34. Kg2 h3+ 35. Kh2 Qf3 36. a8Q+ Kh7 37. Kxh3 Qh1+ 38. Kg4 f5+ 39. Kf4 1-0

[Event "Shiraz Farvardin op"]
[Site "Shiraz"]
[Date "2018.04.18"]
[Round "11"]
[White "Tahmasebi, Hamid Reza"]
[Black "Soozankar, Amir Mohammad"]
[Result "1-0"]
[WhiteElo "2271"]
[BlackElo "2343"]
[PlyCount "109"]
[EventDate "2018.04.11"]
[EventType "swiss"]
[EventRounds "11"]
[EventCountry "IRI"]
[SourceTitle "CBM 187 Extra"]
[Source "ChessBase"]
[SourceDate "2018.11.04"]
[SourceVersion "1"]
[SourceVersionDate "2018.11.04"]
[SourceQuality "1"]

1. e4 c5 2. Nf3 d6 3. d4 cxd4 4. Nxd4 Nf6 5. Nc3 g6 6. f3 Nc6 7. Be3 Bg7 8. Qd2 0-0 9. 0-0-0 Nxd4 10. Bxd4 Be6 11. g4 Qa5 12. a3 Rfc8 13. Kb1 Rab8 14. Bxf6 Bxf6 15. Nd5 Qxd2 16. Nxf6+ Kg7 17. Ne8+ Rxe8 18. Rxd2 Kf6 19. Rd4 Rec8 20. Be2 Ke5 21. c3 Rc5 22. Kc1 Rbc8 23. Kd2 Kf4 24. h4 Bc4 25. e5+ Kxe5 26. Bxc4 Rxc4 27. Re1+ Kf6 28. g5+ Kf5 29. Rxe7 R8c7 30. Rxf7+ Rxf7 31. Rxc4 d5 32. Rd4 Ke6 33. Ke3 Ke5 34. f4+ Ke6 35. Kf3 Kd6 36. Kg4 Re7 37. c4 Kc5 38. Rxd5+ Kxc4 39. Re5 Rd7 40. h5 b6 41. hxg6 hxg6 42. Re6 Rg7 43. f5 gxf5+ 44. Kxf5 Kb3 45. Re2 Rf7+ 46. Kg6 Rf1 47. Kg7 b5 48. g6 a5 49. Kg8 b4 50. axb4 axb4 51. g7 Ka2 52. Rg2 Rc1 53. Kh7 Rc7 54. Kh8 Rxg7 55. Kxg7 1-0

[Event "Shiraz Farvardin op"]
[Site "Shiraz"]
[Date "2018.04.16"]
[Round "8"]
[White "Soozankar, Amir Mohammad"]
[Black "Esmaeili, H Reza"]
[Result "1/2-1/2"]
[WhiteElo "2343"]
[BlackElo "2103"]
[PlyCount "21"]
[EventDate "2018.04.11"]
[EventType "swiss"]
[EventRounds "11"]
[EventCountry "IRI"]
[SourceTitle "CBM 187 Extra"]
[Source "ChessBase"]
[SourceDate "2018.11.04"]
[SourceVersion "1"]
[SourceVersionDate "2018.11.04"]
[SourceQuality "1"]

1. e4 c5 2. Nf3 Nc6 3. d4 cxd4 4. Nxd4 Nf6 5. Nc3 d6 6. Bg5 e6 7. Qd2 a6 8. 0-0-0 h6 9. Bxf6 Qxf6 10. Na4 Qd8 11. c4 1/2-1/2

[Event "Shiraz Farvardin op"]
[Site "Shiraz"]
[Date "2018.04.14"]
[Round "5"]
[White "Alizadeh, Gh"]
[Black "Soozankar, Amir Mohammad"]
[Result "0-1"]
[WhiteElo "2193"]
[BlackElo "2343"]
[PlyCount "60"]
[EventDate "2018.04.11"]
[EventType "swiss"]
[EventRounds "11"]
[EventCountry "IRI"]
[SourceTitle "CBM 187 Extra"]
[Source "ChessBase"]
[SourceDate "2018.11.04"]
[SourceVersion "1"]
[SourceVersionDate "2018.11.04"]
[SourceQuality "1"]

1. e4 e6 2. d4 d5 3. Nc3 Bb4 4. e5 c5 5. a3 Bxc3+ 6. bxc3 Ne7 7. Qg4 Qc7 8. Bd3 cxd4 9. Ne2 dxc3 10. Qxg7 Rg8 11. Qh6 Qxe5 12. Bxh7 Rxg2 13. Bf4 Qg7 14. Ng3 Qxh6 15. Bxh6 e5 16. h3 Nbc6 17. Kf1 Rxg3 18. fxg3 Bf5 19. Bxf5 Nxf5 20. Bg5 Nxg3+ 21. Kg2 Nxh1 22. h4 f5 23. Rf1 f4 24. Rxh1 Kf7 25. Kh3 Nd4 26. Rd1 Ke6 27. Bxf4 Nxc2 28. Rc1 exf4 29. Rxc2 d4 30. Kg4 Rc8 0-1

[Event "Shiraz Farvardin op"]
[Site "Shiraz"]
[Date "2018.04.13"]
[Round "4"]
[White "Soozankar, Amir Mohammad"]
[Black "Abedi, Mohamadraza"]
[Result "1-0"]
[WhiteElo "2343"]
[BlackElo "2113"]
[PlyCount "45"]
[EventDate "2018.04.11"]
[EventType "swiss"]
[EventRounds "11"]
[EventCountry "IRI"]
[SourceTitle "CBM 187 Extra"]
[Source "ChessBase"]
[SourceDate "2018.11.04"]
[SourceVersion "1"]
[SourceVersionDate "2018.11.04"]
[SourceQuality "1"]

1. e4 g6 2. d4 Bg7 3. Nc3 d6 4. Nf3 e5 5. Bc4 Nc6 6. dxe5 Nxe5 7. Nxe5 Bxe5 8. 0-0 Be6 9. Bxe6 fxe6 10. f4 Bf6 11. f5 Qe7 12. fxe6 c6 13. Qg4 0-0-0 14. e5 dxe5 15. Ne4 Re8 16. Be3 b6 17. Rad1 Qxe6 18. Nd6+ Kc7 19. Qxe6 Rxe6 20. Nf7 Ne7 21. Nxh8 Bxh8 22. Rf7 Bf6 23. Rf1 1-0

[Event "Fajr op 26th"]
[Site "Amol"]
[Date "2018.02.08"]
[Round "7"]
[White "Kasparov, Sergey"]
[Black "Soozankar, Amir Mohammad"]
[Result "1/2-1/2"]
[WhiteElo "2472"]
[BlackElo "2343"]
[PlyCount "53"]
[EventDate "2018.02.03"]
[EventType "swiss"]
[EventRounds "9"]
[EventCountry "IRI"]
[SourceTitle "CBM 182 Extra"]
[Source "ChessBase"]
[SourceDate "2018.02.23"]
[SourceVersion "1"]
[SourceVersionDate "2018.02.23"]
[SourceQuality "1"]

1. Nf3 Nf6 2. c4 g6 3. b4 c6 4. Bb2 a5 5. b5 Bg7 6. e3 0-0 7. Be2 d5 8. 0-0 Nbd7 9. a4 dxc4 10. bxc6 bxc6 11. Na3 Nb6 12. Nxc4 Nxc4 13. Bxc4 Bf5 14. Qe2 Be4 15. Ne5 Nd7 16. Nxd7 Qxd7 17. Bxg7 Kxg7 18. Rfc1 Rfd8 19. d4 Rab8 20. h3 Rb4 21. Qg4 Qxg4 22. hxg4 Rdb8 23. f3 Bd5 24. Bxd5 cxd5 25. Rc5 e6 26. Rxa5 Rb2 27. Rb5 1/2-1/2

[Event "IRI-chT 16th"]
[Site "Sari"]
[Date "2017.11.29"]
[Round "2.4"]
[White "Soozankar, Amir Mohammad"]
[Black "Mosadeghpour, Masoud"]
[Result "0-1"]
[WhiteElo "2343"]
[BlackElo "2509"]
[PlyCount "28"]
[EventDate "2017.09.13"]
[EventType "team-swiss"]
[EventRounds "11"]
[EventCountry "IRI"]
[SourceTitle "EXT 2019"]
[Source "ChessBase"]
[SourceDate "2018.10.10"]
[SourceVersion "1"]
[SourceVersionDate "2018.10.10"]
[SourceQuality "1"]
[WhiteTeam "Rasht Shahrdari"]
[BlackTeam "Tehran Saipa"]
[WhiteTeamCountry "IRI"]
[BlackTeamCountry "IRI"]

1. e4 c5 2. Nf3 Nc6 3. d4 cxd4 4. Nxd4 Nf6 5. Nc3 d6 6. Bg5 e6 7. Qd2 Be7 8. 0-0-0 0-0 9. f4 h6 10. h4 Nxd4 11. Qxd4 Qa5 12. Bd3 e5 13. Qe3 Be6 14. fxe5 Ng4 0-1

[Event "Baku op"]
[Site "Baku"]
[Date "2017.11.20"]
[Round "8"]
[White "Abishli, Oghuz Vagif"]
[Black "Soozankar, Amir Mohammad"]
[Result "1/2-1/2"]
[WhiteElo "2091"]
[BlackElo "2343"]
[PlyCount "71"]
[EventDate "2017.11.13"]
[EventType "swiss"]
[EventRounds "9"]
[EventCountry "AZE"]
[SourceTitle "CBM 181 Extra"]
[Source "ChessBase"]
[SourceDate "2017.12.12"]
[SourceVersion "1"]
[SourceVersionDate "2017.12.12"]
[SourceQuality "1"]

1. d4 Nf6 2. c4 g6 3. Nc3 d5 4. cxd5 Nxd5 5. Bd2 Bg7 6. e4 Nb6 7. Be3 0-0 8. Be2 e5 9. Nf3 exd4 10. Nxd4 Qe7 11. Qc2 Rd8 12. Rd1 N8d7 13. 0-0 Nf6 14. h3 Re8 15. b3 c6 16. Bf3 Bd7 17. a4 Rad8 18. Bf4 Bc8 19. a5 Na8 20. e5 Nd7 21. Bxc6 bxc6 22. Nxc6 Qc5 23. Nxd8 Rxd8 24. Rd5 Qb4 25. Qd2 Nc7 26. Rd4 Qxa5 27. b4 Qb6 28. Nd5 Nxd5 29. Rxd5 Bf8 30. Bg5 Re8 31. Rxd7 Bxd7 32. Qxd7 Rxe5 33. Be3 Qxb4 34. Qxa7 Qe4 35. Qd4 Qf5 36. Rd1 1/2-1/2

[Event "IRI-chT 16th"]
[Site "Sari"]
[Date "2017.10.19"]
[Round "10.1"]
[White "Hosseinzadeh, Nima"]
[Black "Soozankar, Amir Mohammad"]
[Result "1/2-1/2"]
[WhiteElo "2307"]
[BlackElo "2340"]
[PlyCount "114"]
[EventDate "2017.09.13"]
[EventType "team-swiss"]
[EventRounds "11"]
[EventCountry "IRI"]
[SourceTitle "EXT 2019"]
[Source "ChessBase"]
[SourceDate "2018.10.10"]
[SourceVersion "1"]
[SourceVersionDate "2018.10.10"]
[SourceQuality "1"]
[WhiteTeam "Tabriz Shahrdari"]
[BlackTeam "Rasht Shahrdari"]
[WhiteTeamCountry "IRI"]
[BlackTeamCountry "IRI"]

1. e4 c5 2. Nf3 Nc6 3. d4 cxd4 4. Nxd4 Nf6 5. Nc3 d6 6. Bc4 Bd7 7. Bb3 g6 8. f3 Nxd4 9. Qxd4 Bg7 10. Bg5 0-0 11. Qd2 a5 12. a4 Be6 13. Bxe6 fxe6 14. 0-0-0 Rc8 15. e5 dxe5 16. Qxd8 Rfxd8 17. Rxd8+ Rxd8 18. Rd1 Rd4 19. Be3 Rxd1+ 20. Kxd1 e4 21. Nxe4 Nxe4 22. fxe4 Bxb2 23. Kd2 Be5 24. h3 Bc7 25. Kd3 Kf7 26. Bd4 Ke8 27. Kc4 Kd7 28. Kb5 Bf4 29. Kb6 Kc8 30. Kxa5 Kc7 31. Kb5 Bg3 32. c4 Bf4 33. a5 Bg3 34. Bc5 Bd6 35. Bb6+ Kd7 36. Bd4 Kc7 37. g4 Bf4 38. Bc5 Bd6 39. Bb6+ Kd7 40. Bd4 Kc7 41. Bb6+ Kd7 42. Bd4 Kc7 43. c5 Bf4 44. c6 bxc6+ 45. Kc4 Kb7 46. Bc3 Be3 47. Bd4 Bxd4 48. Kxd4 Ka6 49. Kc5 Kxa5 50. e5 g5 51. Kxc6 Kb4 52. Kd7 Kc5 53. Kxe6 Kd4 54. Kxe7 Kxe5 55. Kf7 Kf4 56. Kf6 Kg3 57. Kxg5 Kxh3 1/2-1/2

[Event "Asia Cities-ch 20th"]
[Site "Bhubaneswar"]
[Date "2017.09.01"]
[Round "9.1"]
[White "Majed Ali, Abdouli"]
[Black "Soozankar, Amir Mohammad"]
[Result "0-1"]
[WhiteElo "1704"]
[BlackElo "2327"]
[PlyCount "64"]
[EventDate "2017.08.26"]
[EventType "team-swiss"]
[EventRounds "9"]
[EventCountry "IND"]
[SourceTitle "CBM 180 Extra"]
[Source "ChessBase"]
[SourceDate "2017.10.06"]
[SourceVersion "1"]
[SourceVersionDate "2017.10.06"]
[SourceQuality "1"]
[WhiteTeam "Dubai"]
[BlackTeam "Rasht"]
[WhiteTeamCountry "UAE"]
[BlackTeamCountry "IRI"]

1. e4 c5 2. Nf3 d6 3. d4 cxd4 4. Nxd4 Nf6 5. Nc3 Nc6 6. Be2 g6 7. 0-0 Bg7 8. Nb3 0-0 9. Re1 a5 10. a4 Nb4 11. Bf3 Nd7 12. Nd5 Ne5 13. Nd4 Be6 14. c3 Nbd3 15. Re2 Nxc1 16. Rxc1 Rb8 17. c4 Qd7 18. Nb5 Nxf3+ 19. gxf3 Bxd5 20. exd5 Qh3 21. Re4 Bxb2 22. Rb1 f5 23. Re3 f4 24. Rd3 Rf5 25. Qf1 Rg5+ 26. Kh1 Qxf1+ 27. Rxf1 Rc8 28. Rb3 Bf6 29. Rc1 Rxd5 30. Na3 Rd2 31. Kg2 Bd4 32. Rf1 b6 0-1

[Event "Asia Cities-ch 20th"]
[Site "Bhubaneswar"]
[Date "2017.08.31"]
[Round "8.1"]
[White "Mohammed, Ahmed Said Al Amri"]
[Black "Soozankar, Amir Mohammad"]
[Result "0-1"]
[WhiteElo "1711"]
[BlackElo "2327"]
[PlyCount "50"]
[EventDate "2017.08.26"]
[EventType "team-swiss"]
[EventRounds "9"]
[EventCountry "IND"]
[SourceTitle "CBM 180 Extra"]
[Source "ChessBase"]
[SourceDate "2017.10.06"]
[SourceVersion "1"]
[SourceVersionDate "2017.10.06"]
[SourceQuality "1"]
[WhiteTeam "Muscat"]
[BlackTeam "Rasht"]
[WhiteTeamCountry "OMN"]
[BlackTeamCountry "IRI"]

1. e4 e6 2. d4 d5 3. Nc3 Bb4 4. e5 c5 5. a3 Bxc3+ 6. bxc3 Ne7 7. Qg4 0-0 8. Bd3 Nbc6 9. Qh4 Ng6 10. Qxd8 Rxd8 11. Bxg6 fxg6 12. Ne2 Bd7 13. Be3 Rac8 14. 0-0 cxd4 15. cxd4 Na5 16. Rfc1 Ba4 17. Bd2 Nc4 18. Nc3 Nxd2 19. Nxa4 b6 20. Ra2 Rc4 21. c3 Nb3 22. Rb1 Nxd4 23. cxd4 Rxa4 24. Rb4 Rc8 25. Kf1 Rc4 0-1